LEADER 01339nam a2200301 i 4500 001 991001080199707536 005 20020502183317.0 008 990104s1989 it ||| | ita 020 $a8878600210 035 $ab11460878-39ule_inst 035 $aPRUMB54586$9ExL 040 $aDip. SSSC$bita 082 0 $a336.3435091724 100 1 $aColombatto, Enrico$0120583 245 12$aI diversi Sud dell'economia mondiale :$bclassificazione, indebitamento e prospettive commerciali dei paesi in via di sviluppo /$cdi Enrico Colombatto, Andrea Beltratti, Eva Bocchiola ; con un saggio di Rudiger Dornbusch ; introduzione di Umberto Agnelli 260 $aTorino :$bEdizioni della Fondazione Giovanni Agnelli,$c1989 300 $aXVI, 275 p. ;$c21 cm. 650 4$aDebito estero - Paesi in via di sviluppo 650 4$aPaesi in via di sviluppo - Commercio estero 700 1 $aBeltratti, Andrea$eauthor$4http://id.loc.gov/vocabulary/relators/aut$0115285 700 1 $aBocchiola, Eva 700 1 $aDornbusch, Rudiger 907 $a.b11460878$b21-09-06$c01-07-02 912 $a991001080199707536 945 $aLE021 NHE17$g1$i2021000024252$lle021$o-$pE0.00$q-$rl$s- $t0$u0$v0$w0$x0$y.i11648818$z01-07-02 996 $aDiversi Sud dell'economia mondiale$91445738 997 $aUNISALENTO 998 $ale021$b01-01-99$cm$da $e-$fita$git $h2$i1 LEADER 02303nam 2200613 450 001 9910787928303321 005 20200520144314.0 010 $a0-7391-8069-X 035 $a(CKB)2670000000577523 035 $a(EBL)1864048 035 $a(SSID)ssj0001367837 035 $a(PQKBManifestationID)12565349 035 $a(PQKBTitleCode)TC0001367837 035 $a(PQKBWorkID)11445286 035 $a(PQKB)10557692 035 $a(Au-PeEL)EBL1864048 035 $a(CaPaEBR)ebr11027766 035 $a(CaONFJC)MIL664108 035 $a(OCoLC)896794246 035 $a(MiAaPQ)EBC1864048 035 $a(EXLCZ)992670000000577523 100 $a20150310h20142014 uy 0 101 0 $aeng 135 $aur|n|---||||| 181 $ctxt 182 $cc 183 $acr 200 00$aDistributive politics in developing countries $ealmost pork /$fedited by Mark Baskin and Michael L. Mezey 210 1$aLanham, Maryland :$cLexington Books,$d2014. 210 4$d©2014 215 $a1 online resource (279 p.) 300 $aDescription based upon print version of record. 311 $a0-7391-8068-1 311 $a1-322-32826-9 320 $aIncludes bibliographical references at the end of each chapters and index. 330 $aThis book explores the dynamics of distributive politics in developing democracies via a series of case studies of an emerging spending mechanism-constituency development funds (CDFs). It is germane to students of legislative studies, international development, comparative politics, and democratization.
606 $aIncome distribution$zDeveloping countries 606 $aDistributive justice$zDeveloping countries 606 $aEconomic development$zDeveloping countries 606 $aDemocracy$xEconomic aspects$zDeveloping countries 615 0$aIncome distribution 615 0$aDistributive justice 615 0$aEconomic development 615 0$aDemocracy$xEconomic aspects 676 $a339.209172/4 702 $aBaskin$b Mark 702 $aMezey$b Michael L. 801 0$bMiAaPQ 801 1$bMiAaPQ 801 2$bMiAaPQ 906 $aBOOK 912 $a9910787928303321 996 $aDistributive politics in developing countries$93786708 997 $aUNINA LEADER 02108nas 2200721-a 450 001 9910145197403321 005 20260218113044.0 011 $a2193-9713 035 $a(CKB)1000000000277248 035 $a(CONSER)--2007204768 035 $a(DE-599)ZDB2546769-4 035 $a(DE-599)2546769-4 035 $a(EXLCZ)991000000000277248 100 $a20070425a20069999 --- - 101 0 $ager 181 $ctxt$2rdacontent 182 $cc$2rdamedia 183 $acr$2rdacarrier 200 00$aDiskurs Kindheits- und Jugendforschung 210 $aLeverkusen $cB. Budrich$d[2006]- 215 $a1 online resource 300 $aTitle from cover. 300 $aEach issue has also a theme title. 300 $aRefereed/Peer-reviewed 311 08$aPrint version: Diskurs Kindheits- und Jugendforschung. (DLC) 2007204768 (OCoLC)123504978 1862-5002 606 $aYouth$zGermany$vPeriodicals 606 $aChildren$zGermany$vPeriodicals 606 $aYouth$vPeriodicals 606 $aJeunesse$zAllemagne$vPériodiques 606 $aJeunesse$vPériodiques 606 $aChildren$2fast$3(OCoLC)fst00854835 606 $aYouth$2fast$3(OCoLC)fst01183341 606 $aJugendforschung$2gnd 606 $aKindheitsforschung$2gnd 607 $aGermany$2fast 608 $aZeitschrift. 608 $aPeriodicals.$2fast 608 $aZeitschrift$2gnd 608 $aZeitschrift$2gnd-content 608 $aZeitschrift.$2swd 615 0$aYouth 615 0$aChildren 615 0$aYouth 615 6$aJeunesse 615 6$aJeunesse 615 7$aChildren. 615 7$aYouth. 615 7$aJugendforschung. 615 7$aKindheitsforschung. 676 $a305.23072 686 $a71.35$2bcl 686 $a77.55$2bcl 686 $a120$2rpb 686 $a300$a150$a370$2sdnb 686 $a2,1$2ssgn 686 $a5,3$a3,4$2ssgn 686 $a300$a620$2zdbs 686 $aKRIM$qDE-21$2fid 906 $aJOURNAL 912 $a9910145197403321 920 $aexl_impl conversion 996 $aDiskurs Kindheits- und Jugendforschung$92086692 997 $aUNINA